000 01085nam a2200241Ia 4500
999 _c37644
_d37644
001 3616
003 GE_BSU
005 20190624144536.0
008 181216s2012||||ge |||||||||||||| ||geo||
020 _a9789941041976
040 _cGE_BSU
041 _ageo
080 _a323.172(479.22)+342.24(479.22) გ–69
100 _aგორაძე, გიორგი
_92809
245 _aფედერალიზმის პერსპექტივები საქართველოში :
_bკრიტიკული ანალიზი /
_cგიორგი გორაძე.
264 _aთბილისი :
_bშპს "ეი ბი კომპანი",
_c2012.
300 _a347 გვ. ;
_b21 სმ.
504 _a ბიბლიოგრ. ტექსტ. შენიშვნ. და გვ. 321-347.
520 _aრეზ. რუს. და ინგლ.
653 _aფედერალიზმი საქართველოში
653 _aსაქართველოს სახელმწიფო
942 _cBK
_2udc